000
00305cam a22001097a 4500
008
180718b2005 xxu||||| |||| 00| 0 eng d
082
_a
BA27x54 SH23
100
_a
Sharma, Ganesh Sanker
245
_a
Aadivasi viddroh
_c
Ganesh Sanker Sharma
260
_a
Nagpur
_b
Vishvabharti Prakashan
_c
2005
300
_a
83p.
999
_c
438941
_d
438941